Sports Quiz

Random Sports or MLB Quiz

MLB Winningest Managers Quiz Stats

 Plays Quiz Updated Oct 1, 2019

Score 0/25 Timer 07:00
0 Plays Today
Wins Manager % Correct
2326Joe Torre
92.4%
2728Tony LaRussa
79.7%
2504Bobby Cox
73.3%
2194Sparky Anderson
54.2%
1599Tommy Lasorda
53.4%
1905Casey Stengel
53.1%
3731Connie Mack
50.6%
2763John McGraw
36.2%
1835Lou Piniella
36%
1667*Terry Francona
31.8%
1571Dick Williams
29.3%
2125Joe McCarthy
25.9%
2040Walter Alston
25.9%
Wins Manager % Correct
2008Leo Durocher
21.4%
1551Buck Showalter
20.7%
1619Ralph Houk
15.6%
1902Gene Mauch
14.8%
1769Jim Leyland
14%
1863Dusty Baker
13.6%
2003Bruce Bochy
10.9%
1650Mike Scioscia
9.2%
2158Bucky Harris
7.7%
1896Bill McKechnie
4.8%
1602Fred Clarke
4.3%
1491Clark Griffith
3.6%

You're not logged in!

Compare scores with friends on all Sporcle quizzes.
OR
Log In

Sporcle TV

Today on Sporcle TV


Watch our educational content, quiz creation guides, and fun videos on Sporcle TV.

Show Comments

Extras

Top Quizzes Today


Score Distribution

Your Account Isn't Verified!

In order to create a playlist on Sporcle, you need to verify the email address you used during registration. Go to your Sporcle Settings to finish the process.

Report this User

Report this user for behavior that violates our Community Guidelines.

Details: